[Event "Foment Martinenc op-B 24th"]
[Site "Barcelona"]
[Date "2024.05.18"]
[Round "5"]
[White "Jimenez Haneda, Naoki"]
[Black "Cantero, Walter Milciades"]
[Result "1-0"]
[WhiteElo "1743"]
[BlackElo "1748"]
[PlyCount "63"]
[EventDate "2024.04.20"]
[EventType "swiss"]
[EventRounds "9"]
[EventCountry "ESP"]
[SourceTitle "CBM 220 Extra"]
[Source "ChessBase"]
[SourceDate "2024.07.31"]
[SourceVersion "1"]
[SourceVersionDate "2024.07.31"]
[SourceQuality "1"]

1. e4 e5 2. Nf3 Nc6 3. Bc4 Bc5 4. c3 Nf6 5. d4 exd4 6. cxd4 Bb4+ 7. Nc3 Nxe4 8. 0-0 Bxc3 9. d5 Bf6 10. Re1 Ne7 11. Rxe4 d6 12. Bg5 Bxg5 13. Nxg5 h6 14. Qe2 hxg5 15. Re1 Be6 16. dxe6 f6 17. Re3 g6 18. Qd2 Kf8 19. Rf3 Kg7 20. Rxf6 d5 21. Rf7+ Kg8 22. Qxg5 Rh7 23. Bxd5 Qd6 24. Rxh7 Kxh7 25. Bb3 Re8 26. Qf6 Rg8 27. Re3 Nf5 28. Rh3+ Nh6 29. Qg5 Qf8 30. e7 Qg7 31. Bxg8+ Kxg8 32. e8Q+ 1-0

[Event "Foment Martinenc op-B 24th"]
[Site "Barcelona"]
[Date "2024.05.04"]
[Round "3"]
[White "Bertran Milia, Eduard"]
[Black "Cantero, Walter Milciades"]
[Result "0-1"]
[WhiteElo "1832"]
[BlackElo "1748"]
[PlyCount "78"]
[EventDate "2024.04.20"]
[EventType "swiss"]
[EventRounds "9"]
[EventCountry "ESP"]
[SourceTitle "CBM 220 Extra"]
[Source "ChessBase"]
[SourceDate "2024.07.31"]
[SourceVersion "1"]
[SourceVersionDate "2024.07.31"]
[SourceQuality "1"]

1. e4 e5 2. Nf3 Nc6 3. c3 d5 4. Qa4 Bd7 5. exd5 Nd4 6. Qd1 Nxf3+ 7. Qxf3 Nf6 8. d3 Bg4 9. Qe3 Bd6 10. c4 0-0 11. h3 Bh5 12. Be2 Bxe2 13. Qxe2 e4 14. d4 Bb4+ 15. Bd2 Bxd2+ 16. Nxd2 Re8 17. 0-0 Qd6 18. Rfe1 Qf4 19. Qe3 Qf5 20. Nf1 g5 21. Nh2 h5 22. Re2 Kh8 23. Rae1 Rg8 24. Nf1 h4 25. Nh2 Rg7 26. f3 exf3 27. Qxf3 Qg6 28. Rf1 Nh5 29. Qf5 Qxf5 30. Rxf5 Ng3 31. Ref2 Nxf5 32. Rxf5 Re8 33. Kf2 Re4 34. Nf3 g4 35. Rh5+ Kg8 36. hxg4 Rgxg4 37. Re5 Rxe5 38. Nxe5 Rxd4 39. Ke3 Rd1 0-1